000 00554nam a2200193 i 4500
001 100694
003 ES-MaACL
005 20250718062539.0
007 t|
008 051004s1964 sp ||||1| spa d
100 1 _aMataix, Anselmo.
_978905
245 1 3 _aLa norma moral en John Dewey /
_cAnselmo Mataix.
260 _aMadrid :
_bRevista de Occidente,
_c1964.
300 _a278 p. ;
_c20 cm.
600 1 4 _aDewey, John-
_vCrítica e interpretación.
_944040
650 7 _aÉtica
_2embne
_912577
852 _aES-MaACL
_jC-25455
999 _c100694
_d100694